Văn hóa cải lương Nam Bộ : Từ đờn ca Tài tử đến sân khấu Cải lương, từ lý luận đến thực tiễn

Tập hợp 24 tham luận về tiến trình hình thành phát triển sân khấu cải lương, đơn ca tài tử Nam Bộ và mối tương tác; đặc trưng văn hoá cải lương; một số tác phẩm - tác giả cải lương nổi tiếng và phong trào cải lương, nghệ thuật đơn c...

Szczegółowa specyfikacja

Zapisane w:
Opis bibliograficzny
1. autor: Huỳnh, Công Tín
Format: Książka
Język:Undetermined
Wydane: Thành phố Hồ Chí Minh Văn hóa - Văn nghệ 2016
Hasła przedmiotowe:
Etykiety: Dodaj etykietę
Nie ma etykietki, Dołącz pierwszą etykiete!
Thư viện lưu trữ: Trung tâm Học liệu Trường Đại học Cần Thơ
LEADER 01268nam a2200241Ia 4500
001 CTU_235873
008 210402s9999 xx 000 0 und d
020 |c 195000 
082 |a 781.6295922 
082 |b T311 
100 |a Huỳnh, Công Tín 
245 0 |a Văn hóa cải lương Nam Bộ : 
245 0 |b Từ đờn ca Tài tử đến sân khấu Cải lương, từ lý luận đến thực tiễn 
245 0 |c Huỳnh Công Tín (Chủ biên) 
260 |a Thành phố Hồ Chí Minh 
260 |b Văn hóa - Văn nghệ 
260 |c 2016 
520 |a Tập hợp 24 tham luận về tiến trình hình thành phát triển sân khấu cải lương, đơn ca tài tử Nam Bộ và mối tương tác; đặc trưng văn hoá cải lương; một số tác phẩm - tác giả cải lương nổi tiếng và phong trào cải lương, nghệ thuật đơn ca tài tử ở các địa phương 
650 |a Âm nhạc dân gian,Folk music 
650 |x Lịch sử và phê bình,History and criticism 
650 |z Việt Nam,Vietnam 
910 |b nthai 
980 |a Trung tâm Học liệu Trường Đại học Cần Thơ